[Event "BAN-chT Premier"]
[Site "Dhaka"]
[Date "2022.12.07"]
[Round "8.1"]
[White "Mohammad, Nubairshah Shaikh"]
[Black "Asif, Mahmud"]
[Result "1/2-1/2"]
[WhiteElo "2439"]
[BlackElo "1926"]
[PlyCount "162"]
[EventDate "2022.11.30"]
[EventType "team-tourn"]
[EventRounds "11"]
[EventCountry "BAN"]
[SourceTitle "CBM 211 Extra"]
[Source "ChessBase"]
[SourceDate "2023.01.31"]
[SourceVersion "1"]
[SourceVersionDate "2023.01.31"]
[SourceQuality "1"]
[WhiteTeam "Titas CC"]
[BlackTeam "Leonine CC"]
[WhiteTeamCountry "BAN"]
[BlackTeamCountry "BAN"]

1. Nf3 d5 2. g3 Nf6 3. Bg2 g6 4. c4 c6 5. b3 Bg7 6. Bb2 0-0 7. 0-0 Nbd7 8. d4 b6 9. Nc3 Bb7 10. Nd2 e5 11. dxe5 Nxe5 12. cxd5 Nxd5 13. Nxd5 cxd5 14. Rb1 Re8 15. Nf3 Qe7 16. Nd4 Rad8 17. Qd2 Nc6 18. e3 Nxd4 19. Bxd4 Bxd4 20. Qxd4 Qe5 21. Rfd1 Qxd4 22. Rxd4 Rc8 23. Bxd5 Bxd5 24. Rxd5 Rc2 25. a4 Rec8 26. Rbd1 Kg7 27. R1d4 R8c7 28. Rf4 R2c5 29. Rxc5 Rxc5 30. Rc4 Rd5 31. Rd4 Rc5 32. b4 Rc1+ 33. Kg2 a6 34. Rd6 Ra1 35. a5 bxa5 36. Rxa6 a4 37. g4 g5 38. Kf3 a3 39. Ke4 a2 40. Kf5 h6 41. e4 Rb1 42. Rxa2 Rxb4 43. h4 Rb3 44. f4 gxh4 45. e5 Re3 46. g5 hxg5 47. Kxg5 h3 48. Rh2 Rb3 49. Rh1 Ra3 50. Kg4 Kg6 51. f5+ Kh6 52. Rh2 Rb3 53. Rf2 Kg7 54. Re2 Rc3 55. Ra2 Re3 56. Kf4 Rb3 57. Rh2 Rc3 58. Rh1 Rc4+ 59. Kg5 Rc3 60. Rh2 Ra3 61. Kg4 Re3 62. Kf4 Ra3 63. Re2 Rb3 64. Rc2 Ra3 65. Rb2 Rc3 66. Rh2 Ra3 67. Rh1 Ra4+ 68. Kg5 Ra3 69. Kg4 Re3 70. Kf4 Ra3 71. Rg1+ Kh6 72. Kg4 Kg7 73. Rh1 Re3 74. Kf4 Ra3 75. Rg1+ Kh6 76. e6 fxe6 77. fxe6 h2 78. Re1 Kg7 79. e7 Ra8 80. Rh1 Kf7 81. Rxh2 Kxe7 1/2-1/2

[Event "BAN-chB 47th"]
[Site "Dhaka"]
[Date "2022.10.29"]
[Round "3"]
[White "Mohammad, Minhaz Uddin"]
[Black "Asif, Mahmud"]
[Result "1-0"]
[WhiteElo "2255"]
[BlackElo "1926"]
[PlyCount "85"]
[EventDate "2022.10.27"]
[EventType "swiss"]
[EventRounds "11"]
[EventCountry "BAN"]
[SourceTitle "EXT 2024"]
[Source "ChessBase"]
[SourceDate "2023.10.10"]
[SourceVersion "1"]
[SourceVersionDate "2023.10.10"]
[SourceQuality "1"]

1. e4 e5 2. Nf3 Nc6 3. Bb5 Nf6 4. 0-0 Nxe4 5. Re1 Nd6 6. Bxc6 dxc6 7. Nxe5 Be7 8. b3 0-0 9. Bb2 Bf6 10. d3 a5 11. a4 Nf5 12. Nd2 Re8 13. Rb1 Nh4 14. f4 Ng6 15. Qf3 Be6 16. Qf2 Nxe5 17. Bxe5 Bh4 18. g3 Bf6 19. Bxf6 Qxf6 20. Re5 Bf5 21. Rbe1 Rxe5 22. Rxe5 b6 23. Qf3 Rf8 24. Nc4 Bd7 25. Qe3 Qd8 26. Kf2 f6 27. Re7 Re8 28. Re4 Rxe4 29. dxe4 Be6 30. Qd2 Qe7 31. Ne3 Qd6 32. Qc3 h5 33. h4 c5 34. Ke2 Kf8 35. e5 Qd4 36. Qxd4 cxd4 37. Nc4 Bxc4+ 38. bxc4 fxe5 39. fxe5 Ke7 40. Kd3 c5 41. Ke4 Ke6 42. Kf4 g6 43. Ke4 1-0

[Event "Dhaka Chowdhury Memorial op-B 2nd"]
[Site "Dhaka"]
[Date "2022.07.03"]
[Round "3"]
[White "Mortuza Mahathir, Islam"]
[Black "Asif, Mahmud"]
[Result "1/2-1/2"]
[WhiteElo "1833"]
[BlackElo "1952"]
[PlyCount "42"]
[EventDate "2022.07.02"]
[EventType "swiss"]
[EventRounds "9"]
[EventCountry "BAN"]
[SourceTitle "EXT 2023"]
[Source "ChessBase"]
[SourceDate "2022.10.05"]
[SourceVersion "1"]
[SourceVersionDate "2022.10.05"]
[SourceQuality "1"]

1. d4 Nf6 2. Bg5 d5 3. Bxf6 exf6 4. e3 Bd6 5. Bd3 Be6 6. Nd2 Nd7 7. Ngf3 f5 8. 0-0 Nf6 9. c4 dxc4 10. Nxc4 Bxc4 11. Bxc4 0-0 12. Qc2 g6 13. Rfd1 Qe7 14. Rac1 c6 15. g3 Ne4 16. Nd2 Rfe8 17. Nxe4 fxe4 18. Kg2 Kg7 19. Qe2 h5 20. h4 Rad8 21. a4 a5 1/2-1/2

[Event "Dhaka Walton op"]
[Site "Dhaka"]
[Date "2022.04.08"]
[Round "5"]
[White "Asif, Mahmud"]
[Black "Mohammad Fahad, Rahman"]
[Result "0-1"]
[WhiteElo "1928"]
[BlackElo "2412"]
[PlyCount "114"]
[EventDate "2022.04.04"]
[EventType "swiss"]
[EventRounds "9"]
[EventCountry "BAN"]
[SourceTitle "CBM 207 Extra"]
[Source "ChessBase"]
[SourceDate "2022.05.31"]
[SourceVersion "1"]
[SourceVersionDate "2022.05.31"]
[SourceQuality "1"]

1. d4 d5 2. c4 c6 3. Nf3 Nf6 4. Nc3 e6 5. e3 Nbd7 6. Qc2 Bd6 7. Bd3 0-0 8. 0-0 dxc4 9. Bxc4 b5 10. Be2 Bb7 11. Rd1 Qc7 12. Bd2 a6 13. b4 e5 14. a3 Rfe8 15. h3 exd4 16. exd4 h6 17. Rac1 Rad8 18. Re1 Nb6 19. Bd3 Bc8 20. Rxe8+ Rxe8 21. Re1 Rxe1+ 22. Bxe1 Be6 23. Ne4 Nxe4 24. Bxe4 Nc4 25. Qc3 Bd5 26. Nd2 Qe7 27. Nxc4 bxc4 28. Bxd5 cxd5 29. Qe3 Qf6 30. g3 Qf5 31. Kg2 Bf8 32. Bc3 Qc2 33. Qd2 Qa4 34. Qb2 g6 35. h4 h5 36. Bd2 Bg7 37. Bc3 Bh6 38. f4 Bg7 39. Qc1 Bf6 40. Bb2 Be7 41. Bc3 Kf8 42. Kf2 Bf6 43. Bb2 Ke7 44. Ke1 Kd6 45. Qd1 Qe8+ 46. Qe2 Qd7 47. Kf2 Qa4 48. Qd2 Qb3 49. Kg2 Kc6 50. Qe2 Kb6 51. Qd2 Qd3 52. Qxd3 cxd3 53. Kf3 Kb5 54. Ke3 Kc4 55. Kd2 Be7 56. Bc3 Kb3 57. Kxd3 Kxa3 0-1

[Event "BAN-chB 46th"]
[Site "Dhaka"]
[Date "2021.12.17"]
[Round "3"]
[White "Swarnavo, Choudhury"]
[Black "Asif, Mahmud"]
[Result "1-0"]
[WhiteElo "2053"]
[BlackElo "1944"]
[PlyCount "105"]
[EventDate "2021.12.15"]
[EventType "swiss"]
[EventRounds "9"]
[EventCountry "BAN"]
[SourceTitle "CBM 206 Extra"]
[Source "ChessBase"]
[SourceDate "2022.03.31"]
[SourceVersion "1"]
[SourceVersionDate "2022.03.31"]
[SourceQuality "1"]

1. e4 e5 2. Nf3 Nc6 3. Bb5 a6 4. Ba4 Nf6 5. 0-0 Be7 6. Re1 b5 7. Bb3 0-0 8. c3 d5 9. exd5 Nxd5 10. Nxe5 Nxe5 11. Rxe5 c6 12. d4 Bd6 13. Re1 Qh4 14. g3 Qh3 15. Be3 Bg4 16. Qd3 Rae8 17. Nd2 f5 18. Qf1 Qh5 19. f4 Kh8 20. Bxd5 cxd5 21. a4 Re6 22. axb5 axb5 23. Ra6 Rfe8 24. Qf2 h6 25. Nb3 Bh3 26. Raa1 Kh7 27. Nd2 R8e7 28. Nf3 b4 29. Ne5 bxc3 30. bxc3 Qe8 31. Qf3 Bxe5 32. dxe5 Qb5 33. Qe2 Qc6 34. Bd4 Rb7 35. Ra4 Ree7 36. Rb4 Rec7 37. Reb1 Rxb4 38. cxb4 Rb7 39. b5 Qc7 40. b6 Qc6 41. Qd2 h5 42. Qf2 Kg8 43. Re1 Kf7 44. e6+ Ke8 45. Bc5 d4 46. Bxd4 Re7 47. Bc5 Kd8 48. Rd1+ Ke8 49. Bxe7 Kxe7 50. Re1 g6 51. Rb1 Qb7 52. Rc1 Kxe6 53. Qe3+ 1-0

[Event "Dhaka Walton op"]
[Site "Dhaka"]
[Date "2018.06.01"]
[Round "7"]
[White "Asif, Mahmud"]
[Black "Mohammad, Tanvir Rahman"]
[Result "1/2-1/2"]
[WhiteElo "1863"]
[BlackElo "1715"]
[PlyCount "142"]
[EventDate "2018.05.26"]
[EventType "swiss"]
[EventRounds "9"]
[EventCountry "BAN"]
[SourceTitle "CBM 184 Extra"]
[Source "ChessBase"]
[SourceDate "2018.06.28"]
[SourceVersion "1"]
[SourceVersionDate "2018.06.28"]
[SourceQuality "1"]

1. e4 c6 2. d4 d5 3. exd5 cxd5 4. Nf3 Bf5 5. Bd3 Bxd3 6. Qxd3 Nf6 7. 0-0 e6 8. Bg5 h6 9. Bh4 Be7 10. c4 dxc4 11. Qxc4 0-0 12. Nc3 Nc6 13. Rad1 Nd5 14. Bxe7 Ncxe7 15. Qb3 Qb6 16. Qc2 Rac8 17. Ne5 Qc7 18. Rc1 Rfd8 19. Rfd1 Qa5 20. Qb3 Qb6 21. Qc2 Qa5 22. Qd2 Qa6 23. h3 Nc6 24. Nxc6 Qxc6 25. Qe2 Nxc3 26. bxc3 Qc4 27. Qb2 b5 28. Qb3 a6 29. Qa3 Rc6 30. Qa5 Rdc8 31. a3 Qa4 32. Qxa4 bxa4 33. Rd3 Rc4 34. f4 Rb8 35. g4 Rb3 36. f5 exf5 37. gxf5 Rxa3 38. d5 Rc7 39. d6 Rd7 40. Rd4 Rb3 41. c4 Rb6 42. c5 Rc6 43. Rd5 Kf8 44. Ra1 f6 45. Rxa4 Ke8 46. Kf2 Rb7 47. h4 Kd8 48. h5 Rb5 49. Rc4 a5 50. Ke3 a4 51. Kd4 Ra5 52. Rc2 a3 53. Ra2 Kd7 54. Kc4 Rca6 55. Kb4 Ra4+ 56. Kb3 R4a5 57. Kc3 Ra7 58. Kd3 Kc6 59. Ke4 Ra4+ 60. Rd4 Rxd4+ 61. Kxd4 Ra4+ 62. Kc3 Kxc5 63. d7 Rd4 64. Rd2 a2 65. Rxa2 Rxd7 66. Rg2 Rd5 67. Rxg7 Rxf5 68. Rg6 Rxh5 69. Rxf6 Kd5 70. Kd3 Ke5 71. Rf8 Rf5 1/2-1/2